The forest for the trees? : Government policies and the misuse of forest resources

Bibliographic Details
Main Author: REPETTO
Format: Book
Published: Washington, D.C., USA : World Resources Institute , 1988
Subjects:

MARC

LEADER 00000cam a2200000 7i4500
001 0000000390
005 20000808.0
020 0 0 |a 0915825252 
090 0 0 |a 333.75091724   |b REP 1988 
100 1 0 |a REPETTO   |h Robert C. 
245 1 4 |a The forest for the trees? :   |b Government policies and the misuse of forest resources   |c Robert Repetto 
260 0 0 |a Washington, D.C., USA :   |b World Resources Institute ,   |c 1988 
300 |a viii, 105 p. :   |b ill. ;   |c 26 cm. 
500 0 0 |a Bibliography: [p. 99-105] 
650 0 0 |a Forest policy   |x Developing countries 
650 0 0 |a Forest products industry   |x Government policy   |x Developing countries 
650 0 0 |a Lumber trade   |x Government policy   |x Developing countries 
999 |a 0000001533   |b Monograph   |c Open Shelf   |e Default branch 
999 |a 0000001624   |b Monograph   |c Open Shelf   |e Default branch 
999 |a 0000001625   |b Monograph   |c Open Shelf   |e Default branch 
999 |a 0000001626   |b Monograph   |c Open Shelf   |e Default branch 
999 |a 0000001627   |b Monograph   |c Open Shelf   |e Default branch 
999 |a 0000001628   |b Monograph   |c Open Shelf   |e Default branch